000 00641nam a2200217Ia 4500
005 20250508164137.0
008 008 250505s9999 xx 000 0 eng d
020 _a92-64-01092-0
037 _aReference
040 _aFEDL
_beng
_cFEDL
041 _aeng
_2eng
084 _a374, OEC
_qFEDL
245 0 _aPromoting adult learning
245 0 _cOrganisation for Economic Co-operation and Development
260 _aParis, France
_bOrganisation for Economic Co-operation and Development
_c2005
300 _a147p
365 _aGBP
_b17
650 _aAdult education
942 _cREF
_h374, OEC
999 _c1387297
_d1387297